[Event "Wch Rapid (Women)"]
[Site "Samarkand"]
[Date "2023.12.27"]
[Round "8"]
[White "Danielian, Elina"]
[Black "Padmini, Rout"]
[Result "1-0"]
[WhiteElo "2396"]
[BlackElo "2353"]
[PlyCount "73"]
[EventDate "2023.12.26"]
[EventType "swiss (rapid)"]
[EventRounds "11"]
[EventCountry "UZB"]
[SourceTitle "CB01_2024"]
[SourceDate "2024.01.03"]
[SourceVersion "1"]
[SourceVersionDate "2024.01.03"]
[SourceQuality "1"]

1. d4 Nf6 2. Bg5 d5 3. Bxf6 exf6 4. e3 c6 5. c4 dxc4 6. Bxc4 Bd6 7. Nc3 0-0 8. Nf3 Nd7 9. 0-0 g6 10. Qc2 Kg7 11. a3 a5 12. Rfe1 Nb6 13. Ba2 Bg4 14. Nd2 h5 15. h3 Bc8 16. e4 Bc7 17. Nf3 a4 18. Rad1 Re8 19. d5 Qe7 20. Qd2 Rd8 21. Qe3 Nd7 22. Nd4 Nb8 23. f4 Ra5 24. Kh1 Re8 25. Qg3 Bd7 26. Nf3 Qf8 27. e5 fxe5 28. fxe5 cxd5 29. Nxd5 Bd8 30. Nf6 Bxf6 31. exf6+ Kxf6 32. Rxe8 Qxe8 33. Qc7 Rf5 34. Qc3+ Ke7 35. Qb4+ Kf6 36. Qd4+ Ke7 37. Qd6+ 1-0

[Event "EU-chT (Women) 24th"]
[Site "Budva"]
[Date "2023.11.13"]
[Round "3.7"]
[White "Danielian, Elina"]
[Black "Zimina, Olga"]
[Result "1-0"]
[WhiteElo "2413"]
[BlackElo "2277"]
[PlyCount "97"]
[EventDate "2023.11.11"]
[EventType "team-swiss"]
[EventRounds "9"]
[EventCountry "MNE"]
[SourceTitle "CB47_2023"]
[SourceDate "2023.11.22"]
[SourceVersion "1"]
[SourceVersionDate "2023.11.22"]
[SourceQuality "1"]
[WhiteTeam "Armenia (W)"]
[BlackTeam "Italy (W)"]
[WhiteTeamCountry "ARM"]
[BlackTeamCountry "ITA"]

1. Nf3 d5 2. d4 Nf6 3. c4 c6 4. Nc3 a6 5. c5 Nbd7 6. Bf4 Nh5 7. Bd2 Nhf6 8. Qc2 g6 9. g3 Bg7 10. Bg2 0-0 11. 0-0 Re8 12. Rad1 Nf8 13. Rfe1 Bf5 14. Qb3 Ra7 15. Ne5 Be6 16. Bf4 N6d7 17. Nf3 f6 18. Qc2 Bf5 19. e4 dxe4 20. Nxe4 Ne6 21. Bd2 Ndf8 22. Qa4 Qd7 23. Ba5 Raa8 24. Nc3 Kh8 25. Nh4 Ng5 26. Nxf5 Qxf5 27. d5 Nf3+ 28. Bxf3 Qxf3 29. Re3 Qh5 30. Rde1 Nd7 31. Kg2 Bf8 32. b4 Rac8 33. h3 f5 34. Re6 Bg7 35. Qb3 Bf6 36. d6 Nf8 37. Rxe7 Bxe7 38. dxe7 f4 39. Qf7 fxg3 40. Bd8 Qf5 41. Qxf5 gxf5 42. exf8Q+ Rxf8 43. Be7 gxf2 44. Kxf2 Rfe8 45. Na4 Kg7 46. Nb6 Rb8 47. Nc4 Ra8 48. Nd6 Reb8 49. Rg1+ 1-0

[Event "FIDE Grand Swiss (Women)"]
[Site "Douglas"]
[Date "2023.11.05"]
[Round "11"]
[White "Danielian, Elina"]
[Black "Gomez Barrera, Javiera Belen"]
[Result "1-0"]
[WhiteElo "2416"]
[BlackElo "2266"]
[PlyCount "63"]
[EventDate "2023.10.25"]
[EventType "swiss"]
[EventRounds "11"]
[EventCountry "IOM"]
[SourceTitle "Mega2024 Update 01"]
[Source "Chessbase"]
[SourceDate "2023.11.12"]
[SourceVersion "1"]
[SourceVersionDate "2023.11.12"]
[SourceQuality "1"]

1. d4 d5 2. c4 e6 3. Nf3 Nf6 4. e3 b6 5. Nbd2 Bb7 6. b3 Bd6 7. Bd3 0-0 8. Bb2 Nbd7 9. Qc2 Re8 10. 0-0 h6 11. e4 dxe4 12. Nxe4 Be7 13. Rad1 Qc8 14. Nxf6+ Bxf6 15. Ne5 c5 16. Bh7+ Kf8 17. f4 cxd4 18. Rxd4 Rd8 19. Rfd1 Nxe5 20. Rxd8+ Bxd8 21. fxe5 Be7 22. Rf1 Qc5+ 23. Kh1 Ke8 24. Bg8 Kd7 25. Bxf7 Rf8 26. Qd3+ Kc7 27. Bxe6 Rd8 28. Qe2 Bg5 29. Bc3 Kb8 30. Bg4 b5 31. e6 Ka8 32. Bf3 1-0

[Event "FIDE Grand Swiss (Women)"]
[Site "Douglas"]
[Date "2023.10.26"]
[Round "2"]
[White "Danielian, Elina"]
[Black "Mkrtchyan, Mariam"]
[Result "1/2-1/2"]
[WhiteElo "2416"]
[BlackElo "2343"]
[PlyCount "208"]
[EventDate "2023.10.25"]
[EventType "swiss"]
[EventRounds "11"]
[EventCountry "IOM"]
[SourceTitle "Mega2024 Update 01"]
[Source "Chessbase"]
[SourceDate "2023.11.12"]
[SourceVersion "1"]
[SourceVersionDate "2023.11.12"]
[SourceQuality "1"]

1. d4 d5 2. c4 e6 3. Nc3 Nf6 4. Nf3 Nbd7 5. Bf4 dxc4 6. e3 Bd6 7. Bg3 Nb6 8. Bxc4 Nxc4 9. Qa4+ Bd7 10. Qxc4 Bc6 11. Ne5 Bxe5 12. Bxe5 Nd7 13. Bg3 Bxg2 14. Rg1 Bc6 15. e4 0-0 16. 0-0-0 Nb6 17. Qc5 Rc8 18. Qe5 Nc4 19. Qf4 Qe7 20. Bh4 f6 21. Qg3 Rf7 22. f4 Qf8 23. Kb1 b5 24. d5 exd5 25. Nxd5 Bxd5 26. Rxd5 c6 27. Rdd1 Re8 28. Qd3 Qb4 29. b3 Nb6 30. Qd4 Rxe4 31. Qxb4 Rxb4 32. Rd8+ Rf8 33. Rd6 Rxf4 34. Bg3 Re4 35. Rxc6 Rc8 36. Rxc8+ Nxc8 37. Rc1 Ne7 38. Rc7 a6 39. Ra7 Re6 40. a4 bxa4 41. bxa4 g5 42. a5 f5 43. Bf2 Nd5 44. Bd4 h6 45. Kc2 f4 46. Rg7+ Kf8 47. Rd7 Nb4+ 48. Kd2 Nc6 49. Bb6 f3 50. h3 Ne5 51. Bc5+ Ke8 52. Rd5 Ng6 53. Rd3 Ne5 54. Rd5 Nc4+ 55. Kd3 Nxa5 56. Rf5 Nc6 57. Kc4 Rg6 58. Kc3 g4 59. hxg4 Rxg4 60. Be3 Rg6 61. Rxf3 Ne5 62. Rf5 Ng4 63. Bd2 Rd6 64. Bf4 Rb6 65. Kc4 Ke7 66. Rh5 Rf6 67. Bd2 Ke6 68. Kb4 Kf7 69. Rh4 Rd6 70. Bc1 Rc6 71. Bd2 Rg6 72. Ka5 Kg7 73. Bc1 Kf7 74. Bd2 Ke7 75. Bxh6 Nxh6 76. Rb4 Nf5 77. Rb6 Nd6 78. Rxa6 Ke6 79. Kb4 Kd5 80. Ra8 Rg4+ 81. Kc3 Ne4+ 82. Kd3 Rg3+ 83. Ke2 Rb3 84. Rd8+ Nd6 85. Rd7 Ke6 86. Rd8 Ke5 87. Kd2 Rh3 88. Kc2 Nb5 89. Re8+ Kd4 90. Rd8+ Kc4 91. Rc8+ Kd5 92. Rd8+ Kc6 93. Rc8+ Kd7 94. Rb8 Nc7 95. Kd2 Nd5 96. Rg8 Kd6 97. Kc2 Kc5 98. Rg5 Rf3 99. Rh5 Kc4 100. Rh4+ Nf4 101. Kd2 Kd4 102. Kc2 Kc4 103. Kd2 Kd4 104. Kc2 Kc4 1/2-1/2

[Event "FIDE Grand Swiss (Women)"]
[Site "Douglas"]
[Date "2023.10.25"]
[Round "1"]
[White "Terbe, Julianna"]
[Black "Danielian, Elina"]
[Result "1/2-1/2"]
[WhiteElo "2266"]
[BlackElo "2416"]
[PlyCount "102"]
[EventDate "2023.10.25"]
[EventType "swiss"]
[EventRounds "11"]
[EventCountry "IOM"]
[SourceTitle "Mega2024 Update 01"]
[Source "Chessbase"]
[SourceDate "2023.11.12"]
[SourceVersion "1"]
[SourceVersionDate "2023.11.12"]
[SourceQuality "1"]

1. e4 d6 2. d4 Nf6 3. Nc3 g6 4. f4 Bg7 5. Bd3 0-0 6. Nf3 Nc6 7. Be2 e5 8. dxe5 dxe5 9. Qxd8 Rxd8 10. fxe5 Ng4 11. Nd5 Be6 12. Bg5 Rdc8 13. Nf6+ Kh8 14. Nxg4 Bxg4 15. 0-0-0 Re8 16. h3 Bxf3 17. gxf3 Rxe5 18. h4 h6 19. Be3 f5 20. Bd3 Nb4 21. Rhg1 Nxd3+ 22. Rxd3 fxe4 23. fxe4 Rxe4 24. Rxg6 Kh7 25. h5 Rae8 26. Bd2 R8e7 27. Rgg3 Rh4 28. Rh3 Rxh3 29. Rxh3 Bf6 30. Rg3 Rg7 31. Be1 Rg5 32. Rh3 Rg1 33. Kd2 Bxb2 34. Rb3 Bd4 35. Rxb7 Bb6 36. Ke2 Rg5 37. a4 a5 38. Bh4 Rxh5 39. Bg3 Rc5 40. Kd3 Kg6 41. c4 Rc6 42. Rb8 Kf5 43. Rf8+ Kg4 44. Rg8+ Kf5 45. Rf8+ Ke6 46. Rh8 Kf7 47. Bf4 Kg7 48. Be5+ Kg6 49. Bf4 Kg7 50. Be5+ Kf7 51. Bf4 Kg7 1/2-1/2

[Event "SRB-chT (Women) Div1"]
[Site "Senta"]
[Date "2023.10.16"]
[Round "7.1"]
[White "Abdulla, Khayala Mardan Qizi"]
[Black "Danielian, Elina"]
[Result "1/2-1/2"]
[WhiteElo "2233"]
[BlackElo "2416"]
[PlyCount "63"]
[EventDate "2023.10.10"]
[EventType "team-tourn"]
[EventRounds "11"]
[EventCountry "SRB"]
[SourceTitle "Mega2024 Update 01"]
[Source "Chessbase"]
[SourceDate "2023.11.12"]
[SourceVersion "1"]
[SourceVersionDate "2023.11.12"]
[SourceQuality "1"]
[WhiteTeam "Goracici Jelica (W)"]
[BlackTeam "Belgrade Crvena Zvezda (W)"]
[WhiteTeamCountry "SRB"]
[BlackTeamCountry "SRB"]

1. e4 d6 2. d4 Nf6 3. Nc3 g6 4. Bf4 c6 5. Qd2 b5 6. e5 dxe5 7. dxe5 Qxd2+ 8. Bxd2 Nfd7 9. f4 Bg7 10. g3 Nb6 11. Bg2 0-0 12. Nge2 b4 13. Ne4 a5 14. Be3 Nd5 15. Bf2 Na6 16. Nc5 f6 17. 0-0-0 Bg4 18. Rxd5 cxd5 19. Bxd5+ Kh8 20. Bxa8 Rxa8 21. exf6 Bxf6 22. Re1 Nxc5 23. Bxc5 Rd8 24. c3 bxc3 25. Nxc3 Rc8 26. Bxe7 Bxc3 27. bxc3 Rxc3+ 28. Kb2 Rd3 29. Bf6+ Kg8 30. Bc3 a4 31. Bb4 h5 32. Re8+ 1/2-1/2

[Event "EU-Cup (Women) 27th"]
[Site "Durres"]
[Date "2023.10.04"]
[Round "4.1"]
[White "Danielian, Elina"]
[Black "Houska, Jovanka"]
[Result "1/2-1/2"]
[WhiteElo "2416"]
[BlackElo "2340"]
[PlyCount "89"]
[EventDate "2023.10.01"]
[EventType "team-swiss"]
[EventRounds "7"]
[EventCountry "ALB"]
[SourceTitle "EXT 2024"]
[Source "ChessBase"]
[SourceDate "2023.10.10"]
[SourceVersion "1"]
[SourceVersionDate "2023.10.10"]
[SourceQuality "1"]
[WhiteTeam "Crvena Zvezda (W)"]
[BlackTeam "Wood Green (W)"]
[WhiteTeamCountry "SRB"]
[BlackTeamCountry "ENG"]

1. d4 d5 2. c4 e6 3. Nc3 Nf6 4. Nf3 Be7 5. Bf4 0-0 6. e3 c5 7. dxc5 Bxc5 8. Qc2 Nc6 9. a3 Qa5 10. Nd2 Be7 11. Rd1 e5 12. Bg5 d4 13. Nb3 Qb6 14. Bxf6 Bxf6 15. Nd5 Qd8 16. Bd3 g6 17. exd4 Nxd4 18. Nxd4 exd4 19. 0-0 Bg7 20. Rde1 Be6 21. Nf4 Bd7 22. Be4 Bc6 23. Bxc6 bxc6 24. Qe4 Qd7 25. Nd3 a5 26. b3 h5 27. h4 Rfe8 28. Qf3 Qd6 29. b4 Rxe1 30. Rxe1 axb4 31. axb4 Ra3 32. c5 Qf6 33. Qe4 Kh7 34. Rd1 Rb3 35. g3 Kg8 36. Kg2 Kh7 37. Ra1 Qd8 38. Rd1 Qd7 39. Rd2 Bf6 40. Rd1 Bg7 41. Re1 Bf6 42. Re2 Qb7 43. Rd2 Bg7 44. Rd1 Qd7 45. Rd2 1/2-1/2

[Event "World-chT Rapid"]
[Site "Dusseldorf"]
[Date "2023.08.26"]
[Round "1.4"]
[White "Braeutigam, Alexander"]
[Black "Danielian, Elina"]
[Result "1-0"]
[WhiteElo "1911"]
[BlackElo "2416"]
[PlyCount "46"]
[EventDate "2023.08.26"]
[EventType "team-swiss (rapid)"]
[EventRounds "12"]
[EventCountry "GER"]
[SourceTitle "CBM 215 Extra"]
[Source "ChessBase"]
[SourceDate "2023.09.30"]
[SourceVersion "1"]
[SourceVersionDate "2023.09.30"]
[SourceQuality "1"]
[WhiteTeam "Kiel Doppelbauer"]
[BlackTeam "Armenia"]
[WhiteTeamCountry "GER"]
[BlackTeamCountry "ARM"]

1. d4 Nf6 2. c4 e6 3. Nc3 Bb4 4. f3 c5 5. d5 exd5 6. cxd5 0-0 7. e4 d6 8. Bd3 Re8 9. Nge2 Nbd7 10. 0-0 a6 11. Ng3 Ne5 12. Be2 b5 13. a4 bxa4 14. Rxa4 Ng6 15. Kh1 Qb6 16. Bb5 Rf8 17. Bc6 Rb8 18. f4 Qc7 19. Qd3 Ne7 20. e5 Nxc6 21. exf6 Nd4 22. fxg7 Re8 23. Nh5 Bf5 1-0

[Event "Krakow Euro Pairs Blitz Qual (Women)"]
[Site "Krakow"]
[Date "2023.06.19"]
[Round "4.2"]
[White "Efroimski, Marsel"]
[Black "Danielian, Elina"]
[Result "1-0"]
[WhiteElo "2448"]
[BlackElo "2416"]
[PlyCount "60"]
[EventDate "2023.06.19"]
[EventType "tourn (blitz)"]
[EventRounds "7"]
[EventCountry "POL"]
[EventCategory "7"]
[SourceTitle "CBM 214 Extra"]
[Source "ChessBase"]
[SourceDate "2023.07.31"]
[SourceVersion "1"]
[SourceVersionDate "2023.07.31"]
[SourceQuality "1"]
[WhiteTeam "Israel"]
[BlackTeam "Armenia"]
[WhiteTeamCountry "ISR"]
[BlackTeamCountry "ARM"]

1. e4 Nf6 2. e5 Nd5 3. d4 d6 4. Nf3 Nb6 5. Be2 g6 6. exd6 cxd6 7. c4 Bg7 8. h3 0-0 9. Nc3 Nc6 10. Be3 Bf5 11. Rc1 d5 12. c5 Nc4 13. Bxc4 dxc4 14. 0-0 Bd3 15. Re1 Nxd4 16. Nxd4 Bxd4 17. Bxd4 Qxd4 18. Rxe7 Rab8 19. Qf3 Qxc5 20. Rxb7 Rxb7 21. Qxb7 Re8 22. Nd5 Kg7 23. Nf4 Qd4 24. g3 h5 25. h4 Be4 26. Qb4 Rc8 27. Qc3 Qxc3 28. Rxc3 Kf6 29. b3 Ke5 30. bxc4 Ra8 1-0

[Event "Chania Theodorakis Memorial 2nd"]
[Site "Chania"]
[Date "2023.04.20"]
[Round "6"]
[White "Danielian, Elina"]
[Black "Vedmediuc, Artiom"]
[Result "1-0"]
[WhiteElo "2404"]
[BlackElo "2072"]
[PlyCount "97"]
[EventDate "2023.04.17"]
[EventType "swiss"]
[EventRounds "9"]
[EventCountry "GRE"]
[SourceTitle "EXT 2024"]
[Source "ChessBase"]
[SourceDate "2023.10.10"]
[SourceVersion "1"]
[SourceVersionDate "2023.10.10"]
[SourceQuality "1"]

1. Nf3 d5 2. g3 Nf6 3. Bg2 c6 4. 0-0 Bf5 5. d3 h6 6. b3 e6 7. Bb2 Be7 8. Nbd2 0-0 9. Qe1 Bh7 10. e4 c5 11. Ne5 Na6 12. Qe2 Rc8 13. a3 Nc7 14. Rae1 Nb5 15. f4 Nd4 16. Qd1 Qb6 17. Kh1 Rfd8 18. exd5 exd5 19. g4 c4 20. dxc4 Nxc2 21. g5 Nxe1 22. gxf6 Bxf6 23. Qxe1 dxc4 24. Nexc4 Qa6 25. Bxf6 Qxf6 26. Bxb7 Rb8 27. Be4 Bxe4+ 28. Qxe4 Rd4 29. Qf3 Rbd8 30. Rf2 Rd3 31. Qe4 R8d4 32. Qe5 Qc6+ 33. Kg1 Qd7 34. Qb8+ Kh7 35. Ne5 Qd5 36. Nxd3 Rxd3 37. Qb4 f5 38. Nf1 Rxb3 39. Qe7 a5 40. Qe5 Qxe5 41. fxe5 Kg6 42. Ng3 Re3 43. Re2 f4 44. e6 Kf6 45. Nh5+ Ke7 46. Rxe3 fxe3 47. Nxg7 Kf6 48. Nf5 Kxe6 49. Nxe3 1-0